| 000 | 01131nam a2200289 a 4500 | ||
|---|---|---|---|
| 001 | BRCA_7554 | ||
| 005 | 20190320205903.0 | ||
| 008 | 040613s2011----mx-a######---#000-0#spa-# | ||
| 020 | _a9786074842241 | ||
| 041 | _aspa | ||
| 044 | _amx | ||
| 050 | 4 |
_aN8558.5 _b.C66 2011 |
|
| 245 | 1 | 0 |
_aLa conservación de las coronas de monjas del Museo de Arte Religioso ex convento de Santa Mónica, Puebla _ccompiladora J. Katia Perdigón Castañeda. |
| 260 |
_aMéxico _bINAH _c2011 |
||
| 300 |
_a205 p. _bil. _c28 cm. |
||
| 440 | 0 |
_aColección Conservación y restauración del patrimonio _pSerie Logos _918628 |
|
| 500 | _aEjemplar engargolado | ||
| 500 | _aPor política no se presta a domicilio | ||
| 504 | _aBibliografía: p. 199-205 | ||
| 650 | 1 | 4 |
_aMetales _xConservación y restauración _918629 |
| 650 | 1 | 4 |
_aCoronas (Arte) _xRestauración y conservación _918630 |
| 650 | 1 | 4 |
_aMonasticismo y órdenes religiosas para mujeres _xHistoria _ySiglo XVI _zPuebla _918631 |
| 651 | 4 |
_aPuebla (Ciudad). Convento de Santa Mónica _918632 |
|
| 700 | 1 |
_aPerdigón Castañeda, Judith Katia _ecomp. _910457 |
|
| 902 | _aeng | ||
| 942 |
_2lcc _cB |
||
| 999 |
_c7228 _d7228 |
||